<?xml version="1.0" encoding="UTF-8"?>
<collection xmlns="http://www.loc.gov/MARC21/slim">
 <record>
  <leader>00722pamaa2200193   4500</leader>
  <controlfield tag="001">0000045493</controlfield>
  <controlfield tag="005">20090624090000.0</controlfield>
  <controlfield tag="008">090624                             eng  </controlfield>
  <datafield tag="020" ind1="0" ind2="0">
   <subfield code="a">9781554072910 / 1554072913 (pbk.) </subfield>
  </datafield>
  <datafield tag="090" ind1="0" ind2="0">
   <subfield code="a">QB637 </subfield>
   <subfield code="b">JOH 2007</subfield>
  </datafield>
  <datafield tag="100" ind1="1" ind2="0">
   <subfield code="a">Johnston </subfield>
  </datafield>
  <datafield tag="245" ind1="1" ind2="0">
   <subfield code="a">Earth from space : </subfield>
   <subfield code="b">Smithsonian National Air and Space Museum  </subfield>
   <subfield code="c">Andrew K. Johnston.</subfield>
  </datafield>
  <datafield tag="260" ind1="0" ind2="0">
   <subfield code="a">Buffalo, N.Y.: </subfield>
   <subfield code="b">Firefly Books, </subfield>
   <subfield code="c">2007.</subfield>
  </datafield>
  <datafield tag="300" ind1=" " ind2=" ">
   <subfield code="a">272 p.: </subfield>
   <subfield code="b">ill. (chiefly col.), col. maps; </subfield>
   <subfield code="c">28 cm.</subfield>
  </datafield>
  <datafield tag="504" ind1="0" ind2="0">
   <subfield code="a">Includes bibliographical references (p. 268) and index</subfield>
  </datafield>
  <datafield tag="650" ind1="0" ind2="0">
   <subfield code="a">Earth -- </subfield>
   <subfield code="x">Photographs from space </subfield>
  </datafield>
  <datafield tag="650" ind1="0" ind2="0">
   <subfield code="a">Space photography </subfield>
  </datafield>
  <datafield tag="650" ind1="0" ind2="0">
   <subfield code="a">Terre -- </subfield>
   <subfield code="x">Photographies spatiales </subfield>
  </datafield>
  <datafield tag="710" ind1="1" ind2="1">
   <subfield code="a">National Air and Space Museum </subfield>
  </datafield>
 </record>
</collection>
